Ciencias Sociales en América Latina y el Caribe /

Gorde:
Xehetasun bibliografikoak
Egile korporatiboa: CLACSO, ASDI
Formatua: Texto
Argitaratua: Buenos Aires: CENEDIC. CLACSO
Etiketak: Etiketa erantsi
Etiketarik gabe, Izan zaitez lehena erregistro honi etiketa jartzen!

MARC

LEADER 00000 a a2200000 04500
001 29860
003
040 |a CRAI/IIS  |c CRAI/IIS 
090 |a 194102  |b RECURSO ELECTRONICO  
110 |a CLACSO  
245 |a Ciencias Sociales en América Latina y el Caribe /  |c CLACSO  
260 |a Buenos Aires:   |b CENEDIC. CLACSO  
500 |a Debe ser instalado.También impreso Debe ser instalado.También impreso No. de acceso 145600-01  
710 |a ASDI  
999 |c 12356  |d 12356